Dinamica de ciudades interioranas de pequeño porte: um exame diagnostico sobre a cidade de Guarabira-PB
Uloženo v:
| Hlavní autoři: | , , |
|---|---|
| Médium: | Kniha |
| Jazyk: | portugalština |
| Vydáno: |
Joao Pessoa
Universitaria UFPB
2015
|
| Vydání: | 1a. ed |
| Témata: | |
| Tagy: |
Přidat tag
Žádné tagy, Buďte první, kdo vytvoří štítek k tomuto záznamu!
|
MARC
| LEADER | 00000cam a2200000 a 4500 | ||
|---|---|---|---|
| 001 | UCD6388 | ||
| 003 | CL-VaPUC | ||
| 008 | 161209e20150000bl |||||||||||||||||por|d | ||
| 020 | |a 9788598498386 | ||
| 082 | 0 | 4 | |a 711.094 |b SIL |2 21 |
| 100 | 0 | |a Silveira, Jose Augusto Ribeiro da |e author |9 590220 | |
| 700 | 0 | |a Gualberto, Antonio |e author |9 590221 | |
| 700 | 0 | |a Silva, Milena Dutra da |e author |9 590222 | |
| 245 | 1 | 0 | |a Dinamica de ciudades interioranas de pequeño porte: um exame diagnostico sobre a cidade de Guarabira-PB |
| 250 | |a 1a. ed | ||
| 300 | |a 79 p | ||
| 942 | |c BK | ||
| 945 | |d 20161209 23:21:00 |a dcastane | ||
| 260 | |a Joao Pessoa |b Universitaria UFPB |c 2015 | ||
| 650 | 0 | |a Espacios urbanos |9 262902 | |
| 650 | 0 | |a Urbanismo |9 255208 | |
| 650 | 0 | |a Planificación urbana |9 258176 | |
| 583 | |a last modification |c 20190704 09:20:28 |k Rodrigo Vera | ||
| 999 | |c 366741 |d 366739 | ||
| 952 | |0 0 |1 0 |3 erb |4 0 |6 711_094000000000000_SIL_2015 |7 0 |8 A |9 481266 |a BIBARQ |b BIBARQ |i 5354900 |o 711.094 SIL 2015 |p 5354900 |r 2025-01-20 |w 2019-11-24 |y BK |z Catalogado en:20161209 |k ARQ | ||